00656nam a2200241 a 4500001001300000003000900013005001700022008004100039020001000080082001400090100002000104245002300124260004500147300000900192500003500201505001000236650002700246700002000273902000800293942000700301952009300308999001300401nice12345678IN_TiNIC20260116011313.0050524s1930 newa grp 000 0 eng  ac10000a230bBRU1 aBrunner, H Emil aTheology of Crisis aNew YorkbCharles Scribner`s Sons,c1930 a115p aincludes index and biblioraphy2 aindex aPhilosophical-Theology1 aBrunner, H Emil bSRS cBK 00104070aHMIbHMId2007-08-01g100.00l0o230 BRU1p1370r2007-08-01w2026-01-16yEB c343d343